ՀՀ Գիտությունների ազգային ակադեմիայի հիմնարար գիտական գրադարան  =   Fundamental Scientific Library of NAS RA

Туземцы Северо-восточного Кавказа : (Record no. 494635)

MARC details
000 -LEADER
fixed length control field 00927nam a2200193 a 4500
001 - CONTROL NUMBER
control field 001162199
003 - CONTROL NUMBER IDENTIFIER
control field AM-YeHGA
005 - DATE AND TIME OF LATEST TRANSACTION
control field 20250617162724.0
008 - FIXED-LENGTH DATA ELEMENTS--GENERAL INFORMATION
fixed length control field 160707s1895 ru |||||||||||||||||rus|c
040 ## - CATALOGING SOURCE
Original cataloging agency AM-YeHGA
041 0# - LANGUAGE CODE
Language code of text/sound track or separate title rus
090 ## - LOCALLY ASSIGNED LC-TYPE CALL NUMBER (OCLC); LOCAL CALL NUMBER (RLIN)
-- 498024
100 1# - MAIN ENTRY--PERSONAL NAME
Personal name Семенов, Н.
245 10 - TITLE STATEMENT
Title Туземцы Северо-восточного Кавказа :
Remainder of title (Разсказы, очерки, исследования, заметки о чеченцах, кумыках и ногайцах и образцы поэзии этих народцев).
260 ## - PUBLICATION, DISTRIBUTION, ETC.
Place of publication, distribution, etc. С.-Петербург :
Name of publisher, distributor, etc. Тип. А. Хомского и К°,
Date of publication, distribution, etc. 1895.
300 ## - PHYSICAL DESCRIPTION
Extent XVIII, 487 с. ;
Dimensions 22 см.
650 14 - SUBJECT ADDED ENTRY--TOPICAL TERM
Topical term or geographic name entry element Художественная литература
Geographic subdivision Кавказ
650 14 - SUBJECT ADDED ENTRY--TOPICAL TERM
Topical term or geographic name entry element Этнографическо-исторические исследования
General subdivision Фольклор
Geographic subdivision Северо-восточный Кавказ
Holdings
Withdrawn status Lost status Damaged status Not for loan Collection Home library Current library Date acquired Total checkouts Full call number Barcode Date last seen Price effective from Koha item type Public note
        General Fundamental Scientific Library Fundamental Scientific Library 31/05/2019   РД II/61270 FL0582488 31/05/2019 31/05/2019 Գրքեր / Books 30 Days Loan


ՀՀ ԳԱԱ հիմնարար գիտական գրադարան
ՀՀ,Երևան 0019
Մարշալ Բաղրամյան 24/6
հեռախոս:(374-10) 52-47-50
Հետադարձ կապ

All site content, except where otherwise noted, is licensed under a
Creative Commons License